00456 2200169 4500001002100000005001500021035002000036245007600056100001200132250001700144300002800161260003900189082001000228084001600238020002200254600001000276INLIS00000000000084820250109122305 a0010-01250000211 aEnsiklopedia Ilmu Pengetahuan dan Teknologi :bReptil Amfibi /cSucipto0 aSucipto acetakan ke-1 a56 hlm :bIlus ;c21 cm aBekasi :bUranus Publishing,c2011 a590.3 a590.3 SUC e a978-602-863-773-2 4afauna